[Event "Campeonato de Aragon por Equipos 2024 - "]
[Site "?"]
[Date "2024.02.24"]
[Round "5.13"]
[White "Garcia Alvarez, Sergio"]
[Black "Miranda Herrera, Miguel"]
[Result "0-1"]
[WhiteElo "1796"]
[BlackElo "2104"]
[PlyCount "70"]
[GameId "2166508127355233"]
[EventDate "2024.01.27"]
[WhiteTeam "Actur Rey Fernando"]
[BlackTeam "El Olivar"]

1. a3 d5 2. d3 e5 3. g3 Nc6 4. e3 Be6 5. Bg2 g5 6. h3 a5 7. b3 Nge7 8. Bb2 Ng6 9. Nd2 h5 10. Ne2 h4 11. g4 Bc5 12. d4 exd4 13. exd4 Bd6 14. Nf1 Qf6 15. c4 dxc4 16. Rb1 O-O-O 17. Nd2 cxb3 18. Bxc6 bxc6 19. d5 Be5 20. Bxe5 Nxe5 21. Nxb3 Bxd5 22. Nc5 Nf3+ 23. Kf1 Nd2+ 24. Ke1 Bg2 25. Qxd2 Rxd2 26. Kxd2 Qd6+ 27. Nd3 Rd8 28. Rhd1 Qxd3+ 29. Ke1 Qe4 30. f3 Rxd1+ 31. Rxd1 Bxf3 32. Rd2 Bxe2 33. Rxe2 Qh1+ 34. Kd2 Qxh3 35. a4 Qxg4 0-1

[Event "Campeonato de Aragon por Equipos 2024 - "]
[Site "?"]
[Date "2024.02.24"]
[Round "5.14"]
[White "Galstyan, David"]
[Black "Perez Puyal, Jose Joaquin"]
[Result "1/2-1/2"]
[WhiteElo "2052"]
[BlackElo "1731"]
[PlyCount "119"]
[GameId "2166508127392098"]
[EventDate "2024.01.27"]
[WhiteTeam "El Olivar"]
[BlackTeam "Actur Rey Fernando"]

1. e4 d5 2. exd5 Qxd5 3. Nc3 Qd8 4. d4 Nf6 5. Bc4 Bg4 6. Nf3 e6 7. h3 Bxf3 8. Qxf3 c6 9. Be3 Nbd7 10. O-O Bd6 11. Rfe1 O-O 12. a4 a5 13. Rad1 Qc7 14. Ne4 Nxe4 15. Qxe4 Rfe8 16. Bd3 Nf8 17. c4 Rad8 18. c5 Be7 19. Bf4 Qc8 20. Be5 g6 21. Qf4 Rd7 22. Bc4 Qd8 23. Qg4 Bf6 24. Qf3 Bxe5 25. dxe5 Rd4 26. b3 Re7 27. Rc1 Red7 28. Qc3 Rd2 29. Re2 Rd1+ 30. Rxd1 Rxd1+ 31. Kh2 Kg7 32. g3 h6 33. Rc2 g5 34. Be2 Rd4 35. Bh5 Ng6 36. Bxg6 Kxg6 37. f4 Rd3 38. Qe1 Rxb3 39. Rg2 Rd3 40. h4 Kg7 41. fxg5 hxg5 42. Qe4 Rd2 43. hxg5 Rxg2+ 44. Qxg2 Qxg5 45. Qe2 Kh6 46. Kg2 Kg7 47. Qe1 Qf5 48. Qxa5 Qxe5 49. Qb4 Qd5+ 50. Kh2 Qh5+ 51. Kg2 Qe2+ 52. Kh3 Qf1+ 53. Kh2 Qf5 54. a5 Qf2+ 55. Kh3 Qf5+ 56. Kh2 Kg6 57. Qxb7 Qxc5 58. a6 Qf2+ 59. Kh3 Qf5+ 60. Kh2 1/2-1/2

[Event "Campeonato de Aragon por Equipos 2024 - "]
[Site "?"]
[Date "2024.02.24"]
[Round "5.15"]
[White "Aviol Perez, Jose Mariano"]
[Black "Munoz Valles, Jorge"]
[Result "0-1"]
[WhiteElo "1716"]
[BlackElo "2001"]
[PlyCount "72"]
[GameId "2166508127428963"]
[EventDate "2024.01.27"]
[WhiteTeam "Actur Rey Fernando"]
[BlackTeam "El Olivar"]

1. d4 Nf6 2. Nf3 d6 3. Nc3 Nbd7 4. e4 e5 5. g4 Nxg4 6. Rg1 Ngf6 7. Bc4 h6 8. Be3 c6 9. Qd3 b5 10. Bxf7+ Kxf7 11. dxe5 dxe5 12. Nxe5+ Nxe5 13. Qxd8 Nf3+ 14. Kd1 Nxg1 15. Kc1 Be7 16. Qxh8 Bb7 17. Qxa8 Bxa8 18. Bxa7 b4 19. Nd1 Nxe4 20. a3 Ne2+ 21. Kb1 bxa3 22. Be3 Bb7 23. f3 axb2 24. Ra7 N4c3+ 25. Nxc3 Nxc3+ 26. Kxb2 Nd1+ 27. Kb3 Nxe3 28. Rxb7 Nf1 29. Kc4 Nd2+ 30. Kd3 Nxf3 31. h3 Ng5 32. h4 Nf3 33. h5 Ne5+ 34. Ke4 Ng4 35. Rc7 Nf6+ 36. Ke5 c5 0-1

[Event "Campeonato de Aragon por Equipos 2024 - "]
[Site "?"]
[Date "2024.02.24"]
[Round "5.16"]
[White "Cifuentes Parada, Roberto"]
[Black "Arrieta Restrepo, Steven"]
[Result "1/2-1/2"]
[WhiteElo "2380"]
[BlackElo "2079"]
[PlyCount "67"]
[GameId "2166508127465828"]
[EventDate "2024.01.27"]
[WhiteTeam "Jaque - Aramovil"]
[BlackTeam "Monzon"]

1. d4 c5 2. d5 g6 3. e4 Bg7 4. Nc3 d6 5. f4 e6 6. Nf3 exd5 7. Nxd5 Ne7 8. Bc4 O-O 9. O-O Bg4 10. c3 Nd7 11. h3 Bxf3 12. Qxf3 Rb8 13. a4 a6 14. Qd3 Nxd5 15. Bxd5 Nf6 16. f5 Nxd5 17. Qxd5 Qe7 18. Bf4 Be5 19. Bxe5 Qxe5 20. Qxe5 dxe5 21. Rad1 Rfd8 22. Kf2 gxf5 23. exf5 Kg7 24. Ke3 f6 25. Ke4 b5 26. a5 c4 27. Rd5 Rxd5 28. Kxd5 Rd8+ 29. Kc6 Rd2 30. Rb1 Kh6 31. Kb7 Rd6 32. Kc7 Rd2 33. Kb7 Rd6 34. Kc7 1/2-1/2

[Event "Campeonato de Aragon por Equipos 2024 - "]
[Site "?"]
[Date "2024.02.24"]
[Round "5.17"]
[White "Barranco Mananet, Fernando"]
[Black "Escartin Lacasa, Jose"]
[Result "1/2-1/2"]
[WhiteElo "2013"]
[BlackElo "2252"]
[PlyCount "127"]
[GameId "2166508127514981"]
[EventDate "2024.01.27"]
[WhiteTeam "Monzon"]
[BlackTeam "Jaque - Aramovil"]

1. e4 c5 2. Nf3 Nc6 3. d4 cxd4 4. Nxd4 Nf6 5. Nc3 e5 6. Ndb5 d6 7. Bg5 a6 8. Na3 b5 9. Nd5 Be7 10. Bxf6 Bxf6 11. c3 Bg5 12. h4 Bh6 13. g4 Bf4 14. Nc2 O-O 15. Be2 Ne7 16. Nxf4 exf4 17. Qd2 Bb7 18. f3 d5 19. e5 Qc7 20. O-O-O Qxe5 21. Rhe1 Qc7 22. Kb1 Rad8 23. Nd4 Rfe8 24. Bd3 Nc6 25. Bc2 Na5 26. Nf5 f6 27. g5 fxg5 28. hxg5 d4 29. Nxd4 g6 30. Qh2 Qf7 31. Rxe8+ Rxe8 32. Rh1 Bd5 33. b3 Re3 34. Nf5 gxf5 35. g6 Qg7 36. Qxf4 Qe5 37. gxh7+ Kh8 38. Qxf5 Qxf5 39. Bxf5 Bxf3 40. Rh4 Rxc3 41. Kb2 Rc7 42. Rh6 Rf7 43. Rxa6 Rxf5 44. Rxa5 Be4 45. a4 Rf2+ 46. Kc3 bxa4 47. Rxa4 Bxh7 48. Ra7 Rc2+ 49. Kd4 Rb2 50. Kc3 Rc2+ 51. Kd4 Bg8 52. Rb7 Be6 53. b4 Kg8 54. Ke5 Bc8 55. Rb8 Kf7 56. Kd6 Be6 57. b5 Rd2+ 58. Kc7 Ke7 59. Rh8 Rc2+ 60. Kb7 Kd6 61. Rh6 Rb2 62. b6 Kd7 63. Rh7+ Kd6 64. Rh6 1/2-1/2

[Event "Campeonato de Aragon por Equipos 2024 - "]
[Site "?"]
[Date "2024.02.24"]
[Round "5.18"]
[White "Ereza Vizcarra, Fernando"]
[Black "Hidalgo Gracia, Andres"]
[Result "0-1"]
[WhiteElo "2166"]
[BlackElo "1835"]
[PlyCount "130"]
[GameId "2166508127555942"]
[EventDate "2024.01.27"]
[WhiteTeam "Jaque - Aramovil"]
[BlackTeam "Monzon"]

1. d4 d5 2. Nf3 Nf6 3. g3 e6 4. Bg2 Bd6 5. c4 O-O 6. Qc2 c6 7. O-O Nbd7 8. b3 dxc4 9. Qxc4 e5 10. Bb2 Qe7 11. e3 exd4 12. Nxd4 Ne5 13. Qc2 Rd8 14. Nf5 Bxf5 15. Qxf5 Ned7 16. Nc3 Ba3 17. Bxa3 Qxa3 18. Qc2 Nb6 19. Rfd1 Qc5 20. Rac1 a5 21. Qe2 Qe7 22. e4 a4 23. Qe3 Nfd7 24. Ne2 axb3 25. axb3 Nc8 26. Rd2 Nf8 27. Nd4 g6 28. h4 h5 29. Rcd1 Nd6 30. Qf4 Ne8 31. Qe3 Nf6 32. e5 Ng4 33. Qc3 Qxe5 34. Qc4 Qf6 35. Bh3 Rd5 36. Bxg4 hxg4 37. Nc2 Rxd2 38. Rxd2 Qe6 39. Ne3 Ra1+ 40. Kg2 Qxc4 41. bxc4 Rc1 42. Rb2 Nd7 43. Rxb7 Ne5 44. Re7 f6 45. Re6 Kf7 46. Rd6 f5 47. Rd4 Ke6 48. Rd8 Nf3 49. Rd1 Rxd1 50. Nxd1 Nd2 51. Ne3 Ke5 52. Kg1 c5 53. Kg2 Ke4 54. Kg1 Kf3 55. h5 gxh5 56. Nxf5 Nxc4 57. Ng7 Nd2 58. Nxh5 c4 59. Nf4 c3 60. Nd3 Ke2 61. Nb4 Nf3+ 62. Kg2 Nd4 63. Na2 c2 64. Kg1 Nb3 65. Nc3+ Kf3 0-1

[Event "Campeonato de Aragon por Equipos 2024 - "]
[Site "?"]
[Date "2024.02.24"]
[Round "5.19"]
[White "Rodriguez Aranda, Kevin"]
[Black "Carrasquer Alonso, Luis"]
[Result "1-0"]
[WhiteElo "1792"]
[BlackElo "1816"]
[PlyCount "109"]
[GameId "2166508127695207"]
[EventDate "2024.01.27"]
[WhiteTeam "Monzon"]
[BlackTeam "Jaque - Aramovil"]

1. e4 e5 2. Nf3 Nc6 3. Bc4 Bc5 4. c3 d6 5. d4 exd4 6. cxd4 Bb4+ 7. Nc3 h6 8. O-O Nge7 9. d5 Bxc3 10. dxc6 Ba5 11. Qb3 Nxc6 12. Bxf7+ Ke7 13. Rd1 Qf8 14. Bh5 Bb6 15. Be3 Be6 16. Qa3 Qf6 17. Nd2 Nd4 18. Rac1 g6 19. Bf3 g5 20. e5 Qxe5 21. Bxd4 Qxd4 22. Ne4 Qe5 23. Re1 Qf4 24. g3 Qf7 25. Bg4 Rhf8 26. Bxe6 Qxe6 27. Nf6 Rxf6 28. Rxe6+ Rxe6 29. Kg2 Re2 30. Qd3 Rxf2+ 31. Kh3 Raf8 32. Qh7+ R8f7 33. Qxh6 R2f6 34. Re1+ Kd7 35. Qxg5 Kd8 36. Rf1 Bd4 37. Rxf6 Bxf6 38. Qg8+ Ke7 39. b3 Rf8 40. Qc4 Rh8+ 41. Kg2 Kd8 42. h4 Be5 43. Qf7 b6 44. h5 a5 45. h6 Kc8 46. g4 Kb7 47. g5 b5 48. h7 a4 49. g6 axb3 50. axb3 b4 51. Kf3 Kb6 52. Ke4 c5 53. Kd5 Ka6 54. Qc7 Bf4 55. Kc6 1-0

[Event "Campeonato de Aragon por Equipos 2024 - "]
[Site "?"]
[Date "2024.02.24"]
[Round "5.20"]
[White "Baron Rodriguez, Jesus"]
[Black "Fernandez Guillen, Ernesto J"]
[Result "0-1"]
[WhiteElo "2404"]
[BlackElo "2465"]
[PlyCount "102"]
[GameId "2166508127727976"]
[EventDate "2024.01.27"]
[WhiteTeam "Iberajedrez Mundo 64"]
[BlackTeam "Marcos Frechin A"]

1. e4 e5 2. Bc4 Nc6 3. d3 Bc5 4. Nc3 Nf6 5. f4 d6 6. Nf3 Ng4 7. Ng5 O-O 8. Rf1 exf4 9. Bxf4 Nce5 10. Bb3 h6 11. Qd2 Bf2+ 12. Rxf2 Nxf2 13. Kxf2 hxg5 14. Bxg5 Qd7 15. d4 Ng6 16. h4 Qg4 17. Rh1 Be6 18. h5 Bxb3 19. axb3 f6 20. hxg6 fxg5+ 21. Kg1 Rae8 22. Qd3 d5 23. e5 c6 24. Rh3 Re6 25. Nd1 Qf5 26. Qe2 Qxg6 27. Nf2 Rf4 28. c3 g4 29. Rh4 Qb1+ 30. Kh2 g3+ 31. Kxg3 Rxh4 32. Kxh4 Qf5 33. Ng4 Qf4 34. Kh3 Rg6 35. Qf3 Qg5 36. c4 dxc4 37. bxc4 Qc1 38. Qe4 Rg5 39. d5 Qxb2 40. d6 Rh5+ 41. Kg3 Qc3+ 42. Kf4 Qd2+ 43. Kg3 Qc3+ 44. Kf4 Rh1 45. Ne3 Qd2 46. Kf5 Re1 47. Ke6 Rxe3 48. Qf5 Qe2 49. d7 Qxc4+ 50. Ke7 Qc5+ 51. Kd8 Qxe5 0-1

[Event "Campeonato de Aragon por Equipos 2024 - "]
[Site "?"]
[Date "2024.02.24"]
[Round "5.21"]
[White "Hinojar Basa, Alfonso"]
[Black "Palacios Latasa, Elias"]
[Result "1-0"]
[WhiteElo "2215"]
[BlackElo "2170"]
[PlyCount "81"]
[GameId "2166508127768937"]
[EventDate "2024.01.27"]
[WhiteTeam "Marcos Frechin A"]
[BlackTeam "Iberajedrez Mundo 64"]

1. e4 Nf6 2. e5 Nd5 3. d4 d6 4. Nf3 dxe5 5. Nxe5 c6 6. Be2 g6 7. O-O Bg7 8. c4 Nc7 9. Be3 O-O 10. Nc3 c5 11. Nf3 cxd4 12. Bxd4 Nc6 13. Bxg7 Qxd1 14. Raxd1 Kxg7 15. Nd4 Nxd4 16. Rxd4 Ne6 17. Rd2 Rd8 18. Rfd1 Rxd2 19. Rxd2 a5 20. Nd5 Kf8 21. Nb6 Rb8 22. Bd1 Kg7 23. g3 g5 24. Rd5 h6 25. f3 f6 26. Kf2 Kf7 27. Ke3 Ke8 28. Ba4+ Kf7 29. a3 h5 30. f4 gxf4+ 31. gxf4 Ng7 32. Rd8 Nf5+ 33. Kd3 Nd6 34. Bd7 Bxd7 35. Rxb8 Bc6 36. Ra8 e5 37. fxe5 fxe5 38. Rxa5 Ke6 39. Nd5 e4+ 40. Kd4 b6 41. Ra6 1-0

[Event "Campeonato de Aragon por Equipos 2024 - "]
[Site "?"]
[Date "2024.02.24"]
[Round "5.22"]
[White "Villalba Embid, Marcos"]
[Black "Miranda Herrera, Jorge Manuel"]
[Result "1-0"]
[WhiteElo "2103"]
[BlackElo "2091"]
[PlyCount "141"]
[GameId "2166508127805802"]
[EventDate "2024.01.27"]
[WhiteTeam "Iberajedrez Mundo 64"]
[BlackTeam "Marcos Frechin A"]

1. c4 Nf6 2. Nc3 g6 3. g3 Bg7 4. Bg2 O-O 5. Nf3 d6 6. O-O c5 7. d4 Nc6 8. h3 Bd7 9. Be3 cxd4 10. Nxd4 Nxd4 11. Bxd4 Bc6 12. e4 Nd7 13. Be3 Bxc3 14. bxc3 f5 15. Qd4 fxe4 16. Bxe4 Nf6 17. Bd5+ Bxd5 18. cxd5 Qd7 19. Kg2 Qf5 20. Rad1 Rac8 21. c4 b6 22. Rfe1 Nd7 23. Bf4 Rf7 24. h4 Nf6 25. Bg5 Ng4 26. Bf4 Nf6 27. Bg5 Rcf8 28. Bxf6 Rxf6 29. f4 R6f7 30. Qe4 Qxe4+ 31. Rxe4 Rc8 32. Rb1 Kf8 33. Rb5 Ke8 34. a4 Kd7 35. a5 Rc5 36. axb6 Rxb5 37. cxb5 axb6 38. Kf3 Rf5 39. Rd4 h5 40. Ke4 e6 41. Rd3 Rf8 42. Ra3 exd5+ 43. Kd4 Rc8 44. Ra7+ Rc7 45. Ra6 Rc4+ 46. Kd3 Rb4 47. Rxb6 Kc7 48. Rc6+ Kd7 49. Rb6 d4 50. Ke4 Ke6 51. Rb8 d5+ 52. Kd3 Kf5 53. b6 Kg4 54. b7 Kxg3 55. f5 gxf5 56. Rg8+ Kxh4 57. b8=Q Rxb8 58. Rxb8 Kg3 59. Rg8+ Kf3 60. Rg5 h4 61. Rxf5+ Kg4 62. Rf8 h3 63. Ke2 d3+ 64. Kf2 d2 65. Rg8+ Kh4 66. Rg1 h2 67. Rh1 Kh3 68. Kf3 d4 69. Rd1 Kh4 70. Kg2 Kg4 71. Rxd2 1-0

[Event "Campeonato de Aragon por Equipos 2024 - "]
[Site "?"]
[Date "2024.02.24"]
[Round "5.23"]
[White "Moya Gimeno, Raul"]
[Black "Garcia Acin, Pablo"]
[Result "1-0"]
[WhiteElo "1928"]
[BlackElo "1976"]
[PlyCount "39"]
[GameId "2166508127838571"]
[EventDate "2024.01.27"]
[WhiteTeam "Marcos Frechin A"]
[BlackTeam "Iberajedrez Mundo 64"]

1. e4 c5 2. Nf3 d6 3. d4 Nf6 4. Nc3 cxd4 5. Nxd4 a6 6. Bc4 e6 7. Be3 Be7 8. Qe2 Qc7 9. Bb3 Nc6 10. O-O-O O-O 11. Rhg1 b5 12. g4 b4 13. g5 bxc3 14. gxf6 cxb2+ 15. Kb1 Bxf6 16. Qf3 Be5 17. Bh6 Kh8 18. Bxg7+ Bxg7 19. Rxg7 d5 20. Rxh7+ 1-0

[Event "Campeonato de Aragon por Equipos 2024 - "]
[Site "?"]
[Date "2024.02.24"]
[Round "5.24"]
[White "Garza Marco, Sergio"]
[Black "Van Ojik, Mark"]
[Result "1/2-1/2"]
[WhiteElo "2376"]
[BlackElo "2265"]
[PlyCount "174"]
[GameId "2166508127875436"]
[EventDate "2024.01.27"]
[WhiteTeam "Helios"]
[BlackTeam "ONCE C. A. Aragon"]

1. d4 d5 2. Bf4 Nf6 3. e3 g6 4. Nc3 Bg7 5. h4 a6 6. Be2 h6 7. Nf3 Nbd7 8. Ne5 e6 9. Qd2 Nxe5 10. Bxe5 Ne4 11. Nxe4 Bxe5 12. dxe5 dxe4 13. Qc3 h5 14. Rd1 Qe7 15. Rd4 O-O 16. O-O b5 17. Qc6 Rb8 18. Qxe4 Bb7 19. Qf4 Rbd8 20. Rfd1 Rxd4 21. Qxd4 Bd5 22. b3 c5 23. Qf4 Rd8 24. e4 Bc6 25. Rd6 Rc8 26. g3 Qb7 27. Bf3 c4 28. Qe3 cxb3 29. cxb3 b4 30. Qd4 a5 31. Kh2 Kg7 32. Be2 Bb5 33. Rb6 Qa7 34. Bxb5 Rb8 35. Rd6 Qxd4 36. Rxd4 Rxb5 37. f4 Rc5 38. Rd2 Rc3 39. Kg2 a4 40. bxa4 Ra3 41. Rb2 Rxa4 42. Kf3 Ra3+ 43. Kf2 Kf8 44. Kg2 Kg7 45. Kh3 Kf8 46. Kg2 Kg7 47. Kf2 Kf8 48. Rd2 b3 49. axb3 Rxb3 50. Re2 Kg7 51. Re3 Rb1 52. Rd3 Rb4 53. Kf3 Rb1 54. Ke3 Rb4 55. Rc3 Ra4 56. Kf3 Rb4 57. Re3 Rb1 58. Ke2 Rb4 59. Kf2 Rb2+ 60. Kf3 Rb1 61. Ra3 Rf1+ 62. Ke2 Rg1 63. Rf3 Ra1 64. Rc3 Ra4 65. Re3 Ra2+ 66. Kd3 Ra4 67. Kc2 Rd4 68. Kb3 Kh7 69. Kc3 Ra4 70. Kd3 Kg7 71. Ke2 Ra2+ 72. Kf3 Ra1 73. Rd3 Kh7 74. Rd7 Ra3+ 75. Ke2 Kg8 76. Rd3 Ra4 77. Kf3 Ra1 78. Re3 Rf1+ 79. Kg2 Ra1 80. f5 Ra5 81. fxe6 fxe6 82. Kf3 Rxe5 83. Kf4 Ra5 84. Rb3 Kf7 85. e5 g5+ 86. Kxg5 Rxe5+ 87. Kh6 Rf5 1/2-1/2

[Event "Campeonato de Aragon por Equipos 2024 - "]
[Site "?"]
[Date "2024.02.24"]
[Round "5.25"]
[White "Laliena Solanes, Luis"]
[Black "Navarro Alonso, Jorge"]
[Result "1/2-1/2"]
[WhiteElo "2159"]
[BlackElo "2173"]
[PlyCount "78"]
[GameId "2166508127920493"]
[EventDate "2024.01.27"]
[WhiteTeam "ONCE C. A. Aragon"]
[BlackTeam "Helios"]

1. d4 d5 2. c4 e6 3. Nf3 Nf6 4. Nc3 Be7 5. cxd5 exd5 6. Bf4 c6 7. h3 Bf5 8. e3 Qb6 9. Qb3 Nbd7 10. g4 Qxb3 11. axb3 Bc2 12. Rc1 Be4 13. Nxe4 Nxe4 14. Bd3 O-O 15. Ke2 Rfe8 16. Bxe4 dxe4 17. Nd2 Bb4 18. Nc4 Nb6 19. Nxb6 axb6 20. Rhd1 Ra2 21. Rc2 Ra5 22. f3 g5 23. Bc7 Rb5 24. fxe4 Rxe4 25. Be5 h5 26. Rg1 Be7 27. Kf3 f5 28. gxf5 Rh4 29. f6 Bxf6 30. Bxf6 Rf5+ 31. Ke2 Rxf6 32. Rxg5+ Kf7 33. Rg3 Rg6 34. Kf3 Rf6+ 35. Kg2 Re4 36. Rf2 c5 37. Rxf6+ Kxf6 38. Kf3 Rh4 39. d5 Rb4 1/2-1/2

[Event "Campeonato de Aragon por Equipos 2024 - "]
[Site "?"]
[Date "2024.02.24"]
[Round "5.26"]
[White "Eizaguerri Floris, Maria"]
[Black "Gavin Roche, Enrique"]
[Result "1-0"]
[WhiteElo "2127"]
[BlackElo "2164"]
[PlyCount "73"]
[GameId "2166508127957358"]
[EventDate "2024.01.27"]
[WhiteTeam "Helios"]
[BlackTeam "ONCE C. A. Aragon"]

1. e4 e5 2. Nf3 d6 3. Bc4 Be7 4. d4 exd4 5. Nxd4 Nf6 6. Nc3 O-O 7. f3 c6 8. O-O Re8 9. a4 a5 10. Kh1 Na6 11. b3 Nb4 12. Be2 Qc7 13. f4 Bf8 14. Bf3 g6 15. Bb2 Bg7 16. h3 Bh6 17. Nde2 Bg7 18. Qd2 d5 19. e5 Nd7 20. Bg4 f5 21. Bf3 Nc5 22. Nd4 Bh6 23. Nce2 Bd7 24. Qc3 Ne6 25. g4 c5 26. Nxf5 gxf5 27. gxf5 Ng7 28. e6 Bxe6 29. fxe6 Rxe6 30. f5 Re3 31. Qf6 Ra6 32. Qh4 d4 33. f6 Qe5 34. fxg7 Bg5 35. Qf2 Rf6 36. Ng1 Qe6 37. Qg2 1-0

[Event "Campeonato de Aragon por Equipos 2024 - "]
[Site "?"]
[Date "2024.02.24"]
[Round "5.27"]
[White "Soriano Gracia, Manuel"]
[Black "Cerrajeria Ruiz, Jesus Maria"]
[Result "1-0"]
[WhiteElo "1941"]
[BlackElo "2060"]
[PlyCount "107"]
[GameId "2166508127990127"]
[EventDate "2024.01.27"]
[WhiteTeam "ONCE C. A. Aragon"]
[BlackTeam "Helios"]

1. e4 c5 2. Nf3 Nc6 3. c3 Nf6 4. e5 Nd5 5. Qb3 e6 6. Bc4 Na5 7. Qa4 Nxc4 8. Qxc4 b6 9. d3 Bb7 10. Nbd2 f5 11. exf6 Nxf6 12. Ne4 Be7 13. Ne5 O-O 14. O-O Kh8 15. Ng5 Qe8 16. Qh4 h6 17. Nh3 d6 18. Nc4 Qc6 19. f3 e5 20. Qg3 Nh5 21. Qg4 Qe8 22. Re1 Bc8 23. Qe4 Bf5 24. Qe2 Bxh3 25. gxh3 Qg6+ 26. Kh1 Nf4 27. Bxf4 Rxf4 28. Qg2 Qxd3 29. Ne3 Rf7 30. Rad1 Qb5 31. Nd5 Qc6 32. Qg6 Rxf3 33. Kg2 Raf8 34. Nxe7 Rf2+ 35. Kg1 Qf3 36. Qg3 Qxg3+ 37. hxg3 Kh7 38. Rf1 Rxf1+ 39. Rxf1 Re8 40. Nf5 d5 41. Rd1 d4 42. Nd6 Re6 43. Nb5 Re7 44. Kf2 Kg6 45. Kf3 e4+ 46. Kf4 a6 47. Nd6 e3 48. Nf5 Re5 49. Kxe5 e2 50. Re1 d3 51. Nh4+ Kf7 52. Nf3 c4 53. Nd2 b5 54. Kd4 1-0

[Event "Campeonato de Aragon por Equipos 2024 - "]
[Site "?"]
[Date "2024.02.24"]
[Round "5.28"]
[White "Llanes Luno, Ricardo"]
[Black "Portero Garnica, Miguel Angel"]
[Result "1-0"]
[WhiteElo "2149"]
[BlackElo "2022"]
[PlyCount "67"]
[GameId "2166508128039280"]
[EventDate "2024.01.27"]
[WhiteTeam "Delicias"]
[BlackTeam "Marcos Frechin B"]

1. e4 e5 2. Nf3 Nc6 3. Bb5 a6 4. Ba4 Nf6 5. O-O Nxe4 6. d4 b5 7. Bb3 d5 8. Nxe5 Nxe5 9. dxe5 Be6 10. Be3 Bc5 11. Bxc5 Nxc5 12. c3 O-O 13. Qd4 Qe7 14. Nd2 c6 15. Bc2 Nd7 16. f4 c5 17. Qe3 f5 18. a4 Rfd8 19. Qe2 Rab8 20. axb5 Rxb5 21. b3 d4 22. Rxa6 Rdb8 23. Rxe6 Qxe6 24. Bd3 Qc6 25. Bxb5 Qxb5 26. Qxb5 Rxb5 27. cxd4 cxd4 28. Ra1 Nc5 29. Kf2 Kf7 30. Ke2 h6 31. Ra7+ Kg6 32. Nf3 Ne6 33. Ra6 Kf7 34. Rxe6 1-0

[Event "Campeonato de Aragon por Equipos 2024 - "]
[Site "?"]
[Date "2024.02.24"]
[Round "5.29"]
[White "Atares Buisan, Sergio"]
[Black "Lamas Mercadal, Manuel"]
[Result "1/2-1/2"]
[WhiteElo "1937"]
[BlackElo "2098"]
[PlyCount "69"]
[GameId "2166508128133489"]
[EventDate "2024.01.27"]
[WhiteTeam "Marcos Frechin B"]
[BlackTeam "Delicias"]

1. e4 c5 2. Nf3 Nc6 3. d4 cxd4 4. Nxd4 e5 5. Nb5 d6 6. c4 Be6 7. Be2 g6 8. Be3 a6 9. N5c3 Bg7 10. Nd5 Bxd5 11. cxd5 Nd4 12. Nc3 Nf6 13. Bxd4 exd4 14. Qxd4 O-O 15. O-O Re8 16. Qe3 b5 17. a3 Nxe4 18. Nxe4 f5 19. Qb3 Rxe4 20. Bf3 Rd4 21. Rac1 Rc8 22. Rc6 Rc4 23. Rxa6 Rc2 24. Qxb5 Rxb2 25. Qa4 h5 26. Qf4 Rcc2 27. Qe3 Qh4 28. Bd1 Rd2 29. Rxd6 Kh7 30. g3 Qc4 31. Bf3 Rxf2 32. Rxf2 Rxf2 33. Bg2 Re2 34. Bf1 Bd4 35. Rd7+ 1/2-1/2

[Event "Campeonato de Aragon por Equipos 2024 - "]
[Site "?"]
[Date "2024.02.24"]
[Round "5.30"]
[White "Llanes Luno, Pedro Alfredo"]
[Black "Perez Tomas, Juan Manuel"]
[Result "1-0"]
[WhiteElo "2063"]
[BlackElo "1862"]
[PlyCount "35"]
[GameId "2166508128190834"]
[EventDate "2024.01.27"]
[WhiteTeam "Delicias"]
[BlackTeam "Marcos Frechin B"]

1. e4 c5 2. Nc3 Nc6 3. Nf3 Nf6 4. Bb5 Nd4 5. e5 Nxb5 6. Nxb5 Nd5 7. O-O a6 8. Na3 g6 9. d4 Qc7 10. c4 Nb4 11. d5 e6 12. Nb1 exd5 13. a3 Qa5 14. Nc3 d4 15. axb4 Qxa1 16. Nd5 Be7 17. Nxe7 Qa2 18. Nd5 1-0

[Event "Campeonato de Aragon por Equipos 2024 - "]
[Site "?"]
[Date "2024.02.24"]
[Round "5.31"]
[White "Prats Fares, Nahuel"]
[Black "Gaspar Calvo, Luis Alberto"]
[Result "1-0"]
[WhiteElo "1763"]
[BlackElo "1839"]
[PlyCount "65"]
[GameId "2166508128231795"]
[EventDate "2024.01.27"]
[WhiteTeam "Marcos Frechin B"]
[BlackTeam "Delicias"]

1. e4 c5 2. Nc3 a6 3. Nge2 e6 4. g3 Nc6 5. Bg2 Nf6 6. O-O Be7 7. d4 cxd4 8. Nxd4 O-O 9. Be3 Qc7 10. f4 d6 11. Nb3 Na5 12. Nxa5 Qxa5 13. Qd2 Kh8 14. h3 Rd8 15. Qf2 Nd7 16. a3 Bf6 17. Rad1 Bxc3 18. bxc3 Qxa3 19. e5 d5 20. c4 Nf8 21. cxd5 exd5 22. f5 Bxf5 23. Bc5 Qc3 24. Bxf8 Rxf8 25. Qxf5 Qxg3 26. Rd3 Qh4 27. Bxd5 Qe7 28. Bxf7 Qc5+ 29. Rf2 Rae8 30. e6 Qb4 31. Rg3 Qe1+ 32. Kg2 Rd8 33. Rxg7 1-0

[Event "Preferente Aragonesa 2024 - Grupo I"]
[Site "?"]
[Date "2024.02.24"]
[Round "5.32"]
[White "Montoro Mavilla, Sergio"]
[Black "Palomar Ramon, Santiago"]
[Result "0-1"]
[WhiteElo "1787"]
[BlackElo "1879"]
[PlyCount "76"]
[GameId "2166508128268660"]
[EventDate "2024.01.27"]
[WhiteTeam "Jaque - Aramovil B"]
[BlackTeam "San Jose"]

1. e4 e5 2. Nf3 Nc6 3. Bb5 Nge7 4. O-O d6 5. c3 Bd7 6. Re1 Ng6 7. d3 Be7 8. Nbd2 O-O 9. Nf1 Bf6 10. Ng3 Nf4 11. Bxf4 exf4 12. Ne2 g5 13. h3 Ne5 14. Bxd7 Nxf3+ 15. gxf3 Qxd7 16. Kh2 c5 17. a4 Rac8 18. Qb3 Rc6 19. Qc2 d5 20. Rad1 d4 21. c4 Kh8 22. Rh1 Be5 23. Rdg1 Rh6 24. Kg2 Rg8 25. Qd1 Rh4 26. Nc1 Rg6 27. Rh2 h5 28. Rgh1 Rh6 29. Kf1 Qe7 30. Qb3 g4 31. hxg4 hxg4 32. Rxh4 Rxh4 33. Rg1 gxf3 34. Qb5 Rh2 35. Nb3 Kh7 36. Qxc5 Qh4 37. Rg7+ Bxg7 38. Qf5+ Kh6 0-1

[Event "Preferente Aragonesa 2024 - Grupo I"]
[Site "?"]
[Date "2024.02.24"]
[Round "5.33"]
[White "Rubio Tello, Abel"]
[Black "Castillo Pla, Emilio"]
[Result "1-0"]
[WhiteElo "1816"]
[BlackElo "1701"]
[PlyCount "55"]
[GameId "2166508128301429"]
[EventDate "2024.01.27"]
[WhiteTeam "San Jose"]
[BlackTeam "Jaque - Aramovil B"]

1. d4 g6 2. Nf3 Bg7 3. e4 d6 4. Bc4 e6 5. Bg5 Ne7 6. O-O h6 7. Be3 O-O 8. Qd2 Kh7 9. Bd3 Nbc6 10. Nc3 e5 11. Ne2 Bg4 12. c3 Bxf3 13. gxf3 d5 14. f4 exd4 15. Nxd4 Nxd4 16. Bxd4 Bxd4 17. cxd4 dxe4 18. Bxe4 c6 19. Rad1 Qd6 20. Rfe1 Rad8 21. Qe3 Qf6 22. Bg2 Rd7 23. Qe5 Qh4 24. d5 Rfd8 25. d6 Nf5 26. Rd3 Rxd6 27. Rh3 Qg4 28. f3 1-0

[Event "Preferente Aragonesa 2024 - Grupo I"]
[Site "?"]
[Date "2024.02.24"]
[Round "5.34"]
[White "Torrente Gayarre, Lorenzo"]
[Black "Repolles Bel, Antonio"]
[Result "0-1"]
[WhiteElo "1669"]
[BlackElo "1720"]
[PlyCount "140"]
[GameId "2166508128334198"]
[EventDate "2024.01.27"]
[WhiteTeam "Jaque - Aramovil B"]
[BlackTeam "San Jose"]

1. d4 Nf6 2. Nf3 b6 3. Bf4 Bb7 4. e3 g6 5. Be2 Bg7 6. O-O d6 7. h3 Nbd7 8. c4 c5 9. Nc3 O-O 10. d5 Nh5 11. Bh2 Ba6 12. Qd2 Nhf6 13. Rad1 Ne8 14. e4 Ne5 15. Nxe5 dxe5 16. f4 exf4 17. Bxf4 Nd6 18. Bxd6 Qxd6 19. Qd3 Rad8 20. Bf3 Bc8 21. Rfe1 a6 22. a4 Bd4+ 23. Kh1 e5 24. Ne2 Bf2 25. Rf1 Bh4 26. a5 f5 27. axb6 Qxb6 28. Qa3 Be7 29. Nc3 Bd6 30. Rfe1 Rf7 31. Ra1 Rdf8 32. Na4 Qa7 33. Qd3 Rf6 34. Qe3 f4 35. Qf2 Qc7 36. b4 cxb4 37. c5 Qa7 38. Qc2 Bb8 39. d6 Be6 40. Qb2 Qg7 41. Qxe5 Qh6 42. Kg1 Bxh3 43. gxh3 Qxh3 44. Qd5+ Kg7 45. e5 Rf5 46. Bg2 Qg3 47. Qf3 Qg5 48. e6 Re5 49. e7 Re8 50. Kf1 Re3 51. Rxe3 fxe3 52. d7 e2+ 53. Kg1 Rxe7 54. Re1 Rxd7 55. Qxe2 Bg3 56. Qe3 Bf4 57. Qe6 Rc7 58. c6 Bg3 59. Rf1 Re7 60. Qb3 a5 61. Qf3 Qe3+ 62. Qxe3 Rxe3 63. Rc1 Ra3 64. c7 Bxc7 65. Rxc7+ Kh6 66. Nc5 Rc3 67. Ne6 Rxc7 68. Nxc7 a4 69. Bc6 a3 70. Ba4 a2 0-1